50 Flicks to Click (1982) Quiz Stats

 Plays Quiz Updated Sep 22, 2016

Challenge
Share
Tweet
Embed
Score 0/50 Timer 07:00
8 Plays Today
% Correct
Extra
94.9%
Barbarian
94.6%
Blade
93.6%
Gentleman
93.2%
Ridgemont
92.8%
48
92.3%
Choice
92.1%
Pink
91.7%
Living
91.4%
Men
91.3%
Friday
91.1%
Wrath
91%
Night
88%
Garp
86.6%
Victoria
85.2%
Wish
84.6%
Jimmy
84.3%
Thing
82.4%
First
79.3%
King
78.7%
Basket
75.5%
Dark
73.9%
Snowy
73.3%
Witch
73.2%
Secret
72.5%
% Correct
Cannery
72.3%
Last
72.3%
Slumber
71.5%
Fanny
70.6%
Class
69.3%
Sword
67.1%
Dancing
67%
Friends
66%
Moon
65.8%
Man
64%
Best
63.7%
Virgin
60%
Wrong
57.9%
Sex
57.8%
Six
57.6%
Fox
54.3%
Year
52.8%
Eating
52.1%
Cat
51.9%
Still
48.6%
Trail
48%
Movie
47.4%
Evil
45.6%
Dog
29.4%
Stains
19.3%

You're not logged in!

Compare scores with friends on all Sporcle quizzes.
OR
Log In

You Might Also Like...

Show Comments

Extras

Top Quizzes Today


Score Distribution

Your Account Isn't Verified!

In order to create a playlist on Sporcle, you need to verify the email address you used during registration. Go to your Sporcle Settings to finish the process.

Report this User

Report this user for behavior that violates our Community Guidelines.

Details: